[Event "SUI-ch U12"]
[Site "St Ursanne"]
[Date "2011.07.02"]
[Round "6"]
[White "Aegler, Timon"]
[Black "Wolf, Lorenz"]
[Result "1/2-1/2"]
[WhiteElo "1629"]
[BlackElo "1629"]
[PlyCount "62"]
[EventDate "2011.06.30"]
[EventType "swiss"]
[EventRounds "7"]
[EventCountry "SUI"]
[SourceTitle "EXT 2012"]
[Source "ChessBase"]
[SourceDate "2011.11.24"]
[SourceVersion "1"]
[SourceVersionDate "2011.11.24"]
[SourceQuality "1"]

1. e4 g6 2. d4 Bg7 3. Nf3 d6 4. Nc3 Nf6 5. Bc4 0-0 6. 0-0 Nxe4 7. Nxe4 d5 8. Bd3 dxe4 9. Bxe4 c6 10. Be3 Bg4 11. Qd2 Nd7 12. h3 Bxf3 13. Bxf3 Nb6 14. Rfe1 Nc4 15. Qb4 Nxe3 16. Rxe3 Bxd4 17. Rxe7 Bxb2 18. Rd1 Qb6 19. Rxb7 Qxb4 20. Rxb4 Ba3 21. Rb3 Be7 22. Bxc6 Rac8 23. Rd7 Rxc6 24. Rxe7 Rxc2 25. Rxa7 Rcc8 26. a4 Ra8 27. Rbb7 Rxa7 28. Rxa7 Rb8 29. g3 Rb1+ 30. Kg2 Ra1 31. Ra8+ Kg7 1/2-1/2